¿ Excluidos o incluidos ? : recuperadores de materiales reciclables en Latinoamérica (Record no. 160619)

MARC details
000 -CABECERA
campo de control de longitud fija 00594nab a2200193 a 4500
005 - FECHA Y HORA DE LA ÚLTIMA TRANSACCIÓN
campo de control 20210219161613.0
008 - ELEMENTOS DE LONGITUD FIJA--INFORMACIÓN GENERAL
campo de control de longitud fija 991125s1985 mx 000 0 spa u
035 ## - NÚMERO DE CONTROL DEL SISTEMA
Número de control de sistema UPN01000188516
100 1# - ASIENTO PRINCIPAL--NOMBRE PERSONAL
Nombre de persona Villanova, Nicolás
222 ## - TÍTULO CLAVE
Título clave REVISTA MEXICANA DE SOCIOLOGIA
245 ## - MENCIÓN DE TÍTULO
Título ¿ Excluidos o incluidos ? : recuperadores de materiales reciclables en Latinoamérica
300 ## - DESCRIPCIÓN FÍSICA
Extensión 243-274
362 0# - FECHAS DE PUBLICACIÓN Y/O DESIGNACIÓN SECUENCIAL
Fecha de publicación y/o designación secuencial 2012 Año 74, no. 2, abr.-jun.
653 0# - TERMINO DE INDIZACION - NO CONTROLADO
Término no controlado MATERIALES RECICLABLES
653 0# - TERMINO DE INDIZACION - NO CONTROLADO
Término no controlado ECONOMIA INFORMAL
653 0# - TERMINO DE INDIZACION - NO CONTROLADO
Término no controlado PEPENADORES
653 0# - TERMINO DE INDIZACION - NO CONTROLADO
Término no controlado MERCADO LABORAL INFORMAL
905 ## - TIPO DE MATERIAL
Tipo de material Articulo

No items available.